Weekdays in Estonian - Statistics

General Stats
  • This quiz has been taken 228 times
  • The average score is 5 of 7
Answer Stats
Hint Answer % Correct
E Monday Esmaspäev
90%
E Tuesday Teisipäev
86%
E Wednesday Kolmapäev
85%
E Friday Reede
85%
E Sunday Pühapäev
81%
E Thursday Neljapäev
80%
E Saturday Lauapäev
17%
No matching quizzes found
Score Distribution
Percent of People with Each Score
Percentile by Number Answered
Your Score History
You have not taken this quiz